000 00668nam a22001937a 4500
005 20240403115826.0
010 _aHIN-127251
020 _a9789389373899
_c199.00
035 _aHN-99597
037 _bDBAD/PUB.
082 _a
100 _aऋषि,रवि
_964263
245 _aअखबार में फोटो/
_cरवि ऋषि
250 _a1
260 _a दिल्ली
_bराजपाल एंड संस
_c2024
270 _a1590 मदरषा रोड कश्मीरी गेट
_bदिल्ली
_e110006
300 _a112पृ;
_c22 सेमी (अजिल्द)
942 _adpl
_cHN
_2ddc
_h
_mऋषिर
999 _c201882
_d201882